000 00996nam a22002897a 4500
001 BR9102474
003 BR-BrBNA
005 20230928093615.0
007 ta
008 230509b bl.||||| |||| 00| 0 por d
040 _aBR-BrBNA
_bpor
_cBiblioteca Nacional de Agricultura
041 _a(Por)
072 _aF61
_b1160
090 _ 1160 BR9102474
100 1 _aMelo, A.R.B. de
110 1 _aEscola Superior de Agricultura Luiz de Queiroz, Piracicaba, SP (Brasil)
_0Tese (Mestre em Agronomia)
245 1 _aConcentracao e quantidade de macronutrientes em cajueiro (Anacardium occidentale L.)anao precoce
246 1 _aConcentration and quantity of macronutrients in precocius dwarf cashew
260 3 _aPiracicaba, SP (Brasil):
_c1991.
300 _a85 p.
500 _a12 illus.; 15 tables; Bibliography p. 64-72 (50 ref.); Summaries (Eng, Por)
650 _aCAJU
650 _aMACROELEMENTO
650 _aNUTRICAO VEGETAL
909 _a202309
_bLucia
_c55
_dLucia Elande
942 _cBK
999 _c45972
_d45972